[Event "AUT-chT2O 1415"]
[Site "Austria"]
[Date "2015.01.24"]
[Round "6.5"]
[White "Wiedner, Robert"]
[Black "Rogetzer, Klaus"]
[Result "1/2-1/2"]
[WhiteElo "2183"]
[BlackElo "2111"]
[PlyCount "50"]
[EventDate "2014.10.18"]
[EventType "team-tourn"]
[EventRounds "11"]
[EventCountry "AUT"]
[SourceTitle "EXT 2016"]
[Source "ChessBase"]
[SourceDate "2015.10.08"]
[SourceVersion "1"]
[SourceVersionDate "2015.10.08"]
[SourceQuality "1"]
[WhiteTeam "Mattersburg"]
[BlackTeam "Austria"]
[WhiteTeamCountry "AUT"]
[BlackTeamCountry "AUT"]

1. Nf3 c6 2. b3 d5 3. e3 Bg4 4. Ba3 Nd7 5. Be2 Ngf6 6. 0-0 g6 7. d4 Bg7 8. Nbd2 0-0 9. h3 Bxf3 10. Nxf3 Ne4 11. Qd3 Qc7 12. Rfc1 Rfe8 13. c4 Qa5 14. b4 Qb6 15. Rab1 a6 16. Bd1 Rad8 17. b5 cxb5 18. cxb5 a5 19. Rc2 Rc8 20. Be2 Rxc2 21. Qxc2 Nd6 22. Qa4 Rc8 23. Rc1 Rxc1+ 24. Bxc1 Qc7 25. Bd2 b6 1/2-1/2

[Event "AUT-chT2O 1415"]
[Site "Austria"]
[Date "2014.10.19"]
[Round "2.6"]
[White "Rogetzer, Klaus"]
[Black "Hapala, Elisabeth"]
[Result "0-1"]
[WhiteElo "2111"]
[BlackElo "2077"]
[PlyCount "62"]
[EventDate "2014.10.18"]
[EventType "team-tourn"]
[EventRounds "11"]
[EventCountry "AUT"]
[SourceTitle "EXT 2015"]
[Source "ChessBase"]
[SourceDate "2014.11.20"]
[SourceVersion "1"]
[SourceVersionDate "2014.11.20"]
[SourceQuality "1"]
[WhiteTeam "Austria"]
[BlackTeam "Pamhagen"]
[WhiteTeamCountry "AUT"]
[BlackTeamCountry "AUT"]

1. d4 d5 2. c4 c6 3. Nf3 Nf6 4. Nc3 dxc4 5. a4 Bf5 6. e3 e6 7. Bxc4 Bb4 8. 0-0 Nbd7 9. Qe2 0-0 10. e4 Bg6 11. e5 Nd5 12. Nxd5 cxd5 13. Bd3 Rc8 14. Bd2 Qa5 15. Bxg6 fxg6 16. Bxb4 Qxb4 17. Qb5 Qxb5 18. axb5 Rc2 19. Rxa7 Rb8 20. Ng5 Nf8 21. h4 Rxb2 22. Rc1 h6 23. Nh3 Rxb5 24. Rc7 Rb1+ 25. Kh2 Rb4 26. Ra3 Rxd4 27. Rf3 Rc4 28. Re7 d4 29. Nf4 b5 30. h5 Rc3 31. Nd3 g5 0-1

[Event "AUT-ch"]
[Site "Zwettl"]
[Date "2012.07.26"]
[Round "6"]
[White "Rogetzer, Klaus"]
[Black "Srienz, Christian"]
[Result "0-1"]
[WhiteElo "2083"]
[BlackElo "2300"]
[PlyCount "106"]
[EventDate "2012.07.21"]
[EventType "swiss"]
[EventRounds "9"]
[EventCountry "AUT"]
[SourceTitle "CBM 149 Extra"]
[Source "ChessBase"]
[SourceDate "2012.08.24"]
[SourceVersion "1"]
[SourceVersionDate "2012.08.24"]
[SourceQuality "1"]

1. d4 Nf6 2. c4 c5 3. d5 g6 4. Nc3 Bg7 5. Nf3 0-0 6. g3 d6 7. Bg2 e6 8. 0-0 exd5 9. cxd5 a6 10. a4 Re8 11. h3 Nbd7 12. Nd2 Rb8 13. Nc4 Nb6 14. Na3 Bd7 15. a5 Nc8 16. Nc4 Bb5 17. Na3 Bd7 18. Nc4 Bb5 19. Na3 b6 20. Naxb5 axb5 21. Nxb5 bxa5 22. Qa4 Rxe2 23. Qxa5 Qe8 24. Nc3 Re7 25. Qa4 Qf8 26. Qc2 Bh6 27. Ra4 Bxc1 28. Rxc1 Qe8 29. Rf4 Kg7 30. Bf3 Nb6 31. Ra1 Re1+ 32. Rxe1 Qxe1+ 33. Kg2 Nbd7 34. Bg4 Ne5 35. Be2 Qa1 36. b3 Qa3 37. Nb5 Qa8 38. Nc3 Nxd5 39. Nxd5 Qxd5+ 40. Bf3 Qxb3 41. Qd2 Nxf3 42. Qxd6 Ne1+ 43. Kh2 Qb2 44. Qe7 Qb3 45. Qxe1 Qd5 46. Qc3+ Kg8 47. Qc4 Qxc4 48. Rxc4 Rc8 49. g4 f6 50. Kg3 Kf7 51. Kf4 Ke6 52. Ke4 Kd6 53. f4 Rb8 0-1